Osobitosti auditu v malých a v stredných podnikoch diplomová práca

Gespeichert in:
Bibliographische Detailangaben
1. Verfasser: Vasiľová, Viktória
Körperschaft: Fakulta hospodárskej informatiky EU. Katedra účtovníctva a audítorstva
Weitere Verfasser: Krišková, Petra, 1981-
Format: Buch
Sprache:Slowakisch
Veröffentlicht: Bratislava 2012
Tags: Tag hinzufügen
Keine Tags, Fügen Sie das erste Tag hinzu!

MARC

LEADER 00000nbm a2200000 4500
001 0154716
005 20161109102139.8
041 0 |a slo 
044 |a SK 
245 1 0 |a Osobitosti auditu v malých a v stredných podnikoch  |b diplomová práca  |c Viktória Vasiľová ; školiteľ: Petra Krišková 
264 1 |a Bratislava  |c 2012 
300 |a 68 s. 
100 1 |a Vasiľová, Viktória 
700 1 |a Krišková, Petra, 1981- 
710 2 |a Fakulta hospodárskej informatiky EU. Katedra účtovníctva a audítorstva